| 000 | 00616aam a2200205 4500 | ||
|---|---|---|---|
| 005 | 20161122130656.0 | ||
| 008 | 150227b xxu||||| |||| 00| 0 eng d | ||
| 041 | _aSPA | ||
| 082 | _a153.9 B798c | ||
| 100 |
_aBradberry, Travis _929133 |
||
| 245 | _aLas claves de la inteligencia emocional | ||
| 260 |
_aColombia _bNorma _c2007 |
||
| 300 | _a208 páginas | ||
| 650 |
_aINTELIGENCIA EMOCIONAL _93639 |
||
| 650 |
_aEMOCIONES _9274 |
||
| 650 |
_aTEST DE EVALUACIÓN DE INTELIGENCIA EMOCIONAL _929134 |
||
| 650 |
_aCAMBIO DE MENTALIDAD _929135 |
||
| 650 |
_aINTELIGENCIA EMOCIONAL EN EL TRABAJO _929136 |
||
| 942 | _cBK | ||
| 999 |
_c3431 _d3431 |
||